| 000 | 00588cab a2200229 4500 | ||
|---|---|---|---|
| 001 | ABS60549 | ||
| 008 | 090401t1999 xxu||||| |||| 00| 0 eng d | ||
| 035 | _a(Sirsi) u92977 | ||
| 041 | _aeng | ||
| 245 | _aImplementation of EIA Directive continues | ||
| 260 | _c1999 | ||
| 350 | _a0 | ||
| 490 |
_aENDS Report _v(290) March 1999, 47(1) |
||
| 650 | _aCIRCULAR 2/99 | ||
| 650 | _aDEVELOPMENTS | ||
| 650 | _aEC DIRECTIVES | ||
| 650 | _aENVIRONMENTAL IMPACT ASSESSMENTS | ||
| 650 | _aPLANNING CONTROL | ||
| 690 | _aPLANNING LAW AND PRACTICE | ||
| 942 | _n0 | ||
| 948 | _c26/04/1999 | ||
| 999 |
_c58926 _d58926 |
||